000 00378nam a2200157Ia 4500
008 230917s9999||||xx |||||||||||||| ||und||
040 _e101546
_aMAIN
041 _aEnglish
082 _a658.4 G959O
100 _aGupta, Rakesh
245 0 _aOrganisational behaviour
250 _a2nd rev. ed.
260 _aAllahabad
_bKitab Mahal
_c2002
300 _a708 p.
942 _cBK
999 _c111114
_d111114